|
|
|
|
| LEADER |
00552cam a2200145 7i4500 |
| 001 |
0000031462 |
| 005 |
20140717090000.0 |
| 020 |
0 |
0 |
|a 9789211128642
|
| 090 |
0 |
0 |
|a I 338.90091724
|b LEA
|
| 245 |
0 |
4 |
|a The Least Developed Countries report 2013 :
|b growth with employment for inclusive and sustainable development.
|
| 260 |
0 |
0 |
|a New York:
|b United Nations,
|c 2013.
|
| 300 |
# |
# |
|a 184 p.
|
| 650 |
0 |
0 |
|a Developing countries --
|x Economic conditions
|
| 650 |
0 |
0 |
|a Economic assistance --
|x Developing countries
|
| 999 |
|
|
|a 0000034214
|b Book
|c International
|e Business Information Centre
|